| 000 | 00541nam a2200205 a 4500 | ||
|---|---|---|---|
| 001 | 60917 | ||
| 003 | BD-RjUL | ||
| 005 | 20211209080909.0 | ||
| 008 | 170104s1967 enk 000 0 eng d | ||
| 035 | _aBD-RjUL 61041 | ||
| 040 |
_aUKM _cUKM _dEQO _dBD-RjUL _beng |
||
| 041 | _aeng | ||
| 082 | 0 | 4 |
_a813 _223 _bWAB 1967 |
| 100 | 1 |
_aWallace, Lew. _9181649 |
|
| 245 | 1 | 0 |
_aBen-Hur / _cLew Wallace |
| 260 |
_aLondon : _bWard, Lock, _c1967 |
||
| 300 |
_a256 p. : _bill. ; _c18 cm. |
||
| 650 |
_aAmerican Fictions _9181650 |
||
| 942 |
_2ddc _cBK |
||
| 999 |
_c60917 _d60917 |
||